Detalles MARC
| 000 -LEADER |
| fixed length control field |
01506nam a2200289 a 4500 |
| 001 - CONTROL NUMBER |
| control field |
000027387 |
| 003 - CONTROL NUMBER IDENTIFIER |
| control field |
DO-SdBNP |
| 005 - DATE AND TIME OF LATEST TRANSACTION |
| control field |
20220310104544.0 |
| 008 - FIXED-LENGTH DATA ELEMENTS--GENERAL INFORMATION |
| fixed length control field |
110331s1972 dr ad 001 0 spa d |
| 040 ## - CATALOGING SOURCE |
| Original cataloging agency |
DO-SdBNP |
| Language of cataloging |
spa |
| Transcribing agency |
BPMSU |
| 082 ## - DEWEY DECIMAL CLASSIFICATION NUMBER |
| Classification number |
972.9304 |
| Item number |
M938d 1972 |
| Edition number |
22 |
| 100 1# - MAIN ENTRY--PERSONAL NAME |
| Personal name |
Moya Pons, Frank, |
| Dates associated with a name |
1944- |
| 245 13 - TITLE STATEMENT |
| Title |
La dominación haitiana : |
| Remainder of title |
1822-1844 / |
| Statement of responsibility, etc. |
Frank Moya Pons. |
| 260 ## - PUBLICATION, DISTRIBUTION, ETC. (IMPRINT) |
| Place of publication, distribution, etc. |
Santiago de los Caballeros, República Dominicana : |
| Name of publisher, distributor, etc. |
PUCMM, |
| Date of publication, distribution, etc. |
1972. |
| 300 ## - PHYSICAL DESCRIPTION |
| Extent |
221 p. : |
| Other physical details |
il., tabls. ; |
| Dimensions |
20 cm. |
| 490 0# - SERIES STATEMENT |
| Series statement |
Estudios |
| 500 ## - GENERAL NOTE |
| General note |
Incluye índice de nombres, lugares y materias. |
| 504 ## - BIBLIOGRAPHY, ETC. NOTE |
| Bibliography, etc |
Incluye referencias bibliográficas y notas al pie de las págianas |
| 504 ## - BIBLIOGRAPHY, ETC. NOTE |
| Bibliography, etc |
Bibliografía: p. 201-206. |
| 505 0# - FORMATTED CONTENTS NOTE |
| Miscellaneous information |
Prefacio -- |
| Title |
La invasión de Boyer (1820-1822) -- |
| -- |
La cuestión de la tierra (1822-1825) -- |
| -- |
Deuda pública, crisis económica y oposición política (1826-1834) -- |
| -- |
La caída de Boyer: conspiración y reforma (1834-1843) -- |
| -- |
El fin de la dominación haitiana (1843-1844) -- |
| Miscellaneous information |
Apéndices: Proclama al Pueblo de Juan Pedro Boyer, Presidente de Haití, 9 de febrero de 1822 -- |
| -- |
Bibliografía -- |
| -- |
Índice de nombres, lugares y materias. |
| 590 ## - LOCAL NOTE (RLIN) |
| Local note |
Inventariado, 2022/VM |
| 651 #4 - SUBJECT ADDED ENTRY--GEOGRAPHIC NAME |
| Geographic name |
República Dominicana |
| General subdivision |
Historia |
| Chronological subdivision |
Ocupación haitiana 1822-1844 |
| 651 #4 - SUBJECT ADDED ENTRY--GEOGRAPHIC NAME |
| Geographic name |
República Dominicana |
| General subdivision |
Política gobierno |
| Chronological subdivision |
Ocupación haitiana 822-1844 |
| 710 2# - ADDED ENTRY--CORPORATE NAME |
| Corporate name or jurisdiction name as entry element |
Universidad Católica Madre y Maestra (República Dominicana) |
| 910 ## - USER-OPTION DATA (OCLC) |
| User-option data |
VMateo V. |
| 942 ## - ADDED ENTRY ELEMENTS (KOHA) |
| Source of classification or shelving scheme |
Dewey Decimal Classification |
| Koha item type |
Libros |